Statistiken für FC Bayern Kader 2022/2023

Klicken Sie hier um das Quiz zu spielen!

Allgemein

  • Dieses Quiz wurde 645 mal gespielt
    (511 seit der letzten Aktualisierung)
  • Das Durchschnittsergebnis liegt bei 19 aus 27

Antwortstatistiken

Antwort% Korrekt
1Manuel Neuer
100%
6Joshua Kimmich
97%
10Leroy Sane
97%
17Sadio Mane
94%
7Serge Gnabry
94%
25Thomas Müller
94%
8Leon Goretzka
92%
5Benjamin Pavard
91%
2Dayot Upamecano
88%
42Jamal Musiala
88%
4Matthijs De Ligt
88%
11Kingsley Coman
86%
26Sven Ulreich
86%
19Alphonso Davies
84%
21Lucas Hernandez
83%
18Marcel Sabitzer
73%
38Ryan Gravenberch
69%
39Mathys Tel
64%
13Erik Maxim Choupo-Moting
61%
44Josip Stanisic
59%
40Noussair Mazraoui
59%
14Paul Wanner
54%
20Bouna Sarr
45%
35Johannes Schenk
30%
28Gabriel Vidovic
22%
32Joshua Zirkzee
19%
43Adrian Fein
7%

Verteilung der Resultate

Perzentil nach korrekt beantworteten Fragen

Anzahl Personen mit jedem Resultat

Ihre Resultats-Entwicklung

Sie haben dieses Quiz seit der letzten Aktualisierung nicht gespielt